000
00356nam a2200157Ia 4500
008
221030s9999 xx 000 0 und d
020
_a
813150767X
041
_a
English
082
_a
105.23
100
_a
T. Simpson
245
0
_a
Virtual Machines
260
_b
Cengage Learning
_a
New Delhi
_c
2009
300
_a
90
650
_a
BE Computer
942
_c
BK
999
_c
6280
_d
6280